La situación del mundo 2009 (Registro nro. 22403)
[ vista simple ]
| 000 -CABECERA | |
|---|---|
| Longitud fija campo de control | 01877nam a2200517 c 4500 |
| 001 - NÚMERO DE CONTROL | |
| Número de control | 22403 |
| 003 - IDENTIFICADOR DE NÚMERO DE CONTROL | |
| Identificador del número de control | ES-MaCES |
| 005 - FECHA Y HORA DE LA ÚLTIMA TRANSACCIÓN | |
| Fecha y hora de la última transacción | 20150925135236.0 |
| 008 - CAMPO FIJO DE DESCRIPCIÓN FIJA--INFORMACIÓN GENERAL | |
| Códigos de información de longitud fija | 090903s2009 sp do f 000 | spa d |
| 017 ## - NÚMERO DE REGISTRO DE DERECHOS DE AUTOR Y DEPÓSITO LEGAL | |
| Número de copyright o de depósito legal | B 7553-2009 |
| Agencia que asigna el número | DL |
| 020 ## - ISBN (INTERNATIONAL STANDARD BOOK NUMBER) | |
| Número Internacional Normalizado para Libros (ISBN) | 9788498880748 |
| 035 ## - NÚMERO DE CONTROL DEL SISTEMA | |
| Número de control del sistema | CES20090008851m |
| 040 ## - FUENTE DE CATALOGACIÓN | |
| Centro catalogador de origen | ES-MaCES |
| Lengua de catalogación | spa |
| Centro transcriptor | ES-MaCES |
| 041 1# - CÓDIGO DE IDIOMA | |
| Código de lengua del texto;banda sonora o título independiente | eng |
| Código de lengua original | spa |
| 245 03 - MENCIÓN DE TÍTULO | |
| Título | La situación del mundo 2009 |
| Resto del título | : el mundo ante el calentamiento global |
| Mención de responsabilidad, etc. | prólogo de R. K. Pachauri ; directores del proyecto, Robert Engelman, Michael Renner y Janet Sawin ; coord. del proyecto, Ambika Chawla ; editora, Linda Starte ; [trad. del inglés, Isabel Bermejo y Mar Garzón] |
| 250 ## - MENCIÓN DE EDICIÓN | |
| Mención de edición | 1ª ed |
| 260 ## - PUBLICACIÓN, DISTRIBUCIÓN, ETC (PIE DE IMPRENTA) | |
| Lugar de publicación, distribución, etc. | Barcelona |
| Nombre del editor, distribuidor, etc. | Icaria |
| Fecha de publicación, distribución, etc. | 2009 |
| 300 ## - DESCRIPCIÓN FÍSICA | |
| Extensión | 407 p. |
| Otras características físicas | gráf., fot. bl. y n. |
| Dimensiones | 23 cm |
| 500 ## - NOTA GENERAL | |
| Nota general | Traducción de: State of the World 2009 |
| 500 ## - NOTA GENERAL | |
| Nota general | Índices |
| 541 ## - NOTA DE LA FUENTE INMEDIANTE DE ADQUISICIÓN | |
| Forma de adquisición | Compra |
| 650 #4 - ASIENTO SECUNDARIO DE MATERIA--TÉRMINO DE MATERIA | |
| Término de materia o nombre geográfico como elemento inicial | cambio climático |
| 9 (RLIN) | 30961 |
| 650 #4 - ASIENTO SECUNDARIO DE MATERIA--TÉRMINO DE MATERIA | |
| Término de materia o nombre geográfico como elemento inicial | protección ambiental |
| 9 (RLIN) | 29423 |
| 650 #4 - ASIENTO SECUNDARIO DE MATERIA--TÉRMINO DE MATERIA | |
| Término de materia o nombre geográfico como elemento inicial | conservación de los recursos |
| 9 (RLIN) | 28755 |
| 650 #4 - ASIENTO SECUNDARIO DE MATERIA--TÉRMINO DE MATERIA | |
| Término de materia o nombre geográfico como elemento inicial | energía renovable |
| 9 (RLIN) | 30979 |
| 650 #4 - ASIENTO SECUNDARIO DE MATERIA--TÉRMINO DE MATERIA | |
| Término de materia o nombre geográfico como elemento inicial | desarrollo sostenible |
| 9 (RLIN) | 30785 |
| 650 #4 - ASIENTO SECUNDARIO DE MATERIA--TÉRMINO DE MATERIA | |
| Término de materia o nombre geográfico como elemento inicial | 2009 |
| 9 (RLIN) | 31942 |
| 650 #4 - ASIENTO SECUNDARIO DE MATERIA--TÉRMINO DE MATERIA | |
| Término de materia o nombre geográfico como elemento inicial | informe |
| 9 (RLIN) | 28986 |
| 653 10 - TÉRMINO DE INDEXACIÓN--NO CONTROLADO | |
| Término no controlado | Medio ambiente |
| 650 #4 - ASIENTO SECUNDARIO DE MATERIA--TÉRMINO DE MATERIA | |
| 9 (RLIN) | 30340 |
| Término de materia o nombre geográfico como elemento inicial | ecoagricultura |
| 650 #4 - ASIENTO SECUNDARIO DE MATERIA--TÉRMINO DE MATERIA | |
| 9 (RLIN) | 30344 |
| Término de materia o nombre geográfico como elemento inicial | evaluación del impacto ambiental |
| 700 1# - ENCABEZAMIENTO SECUNDARIO--NOMBRE PERSONAL | |
| Nombre de persona | Pachauri, R. K. |
| Término indicativo de función | col. |
| 9 (RLIN) | 20194 |
| 700 1# - ENCABEZAMIENTO SECUNDARIO--NOMBRE PERSONAL | |
| Nombre de persona | Engelman, Robert |
| Término indicativo de función | dir. |
| 9 (RLIN) | 11294 |
| 700 1# - ENCABEZAMIENTO SECUNDARIO--NOMBRE PERSONAL | |
| Nombre de persona | Renner, Michael |
| Término indicativo de función | dir. |
| 9 (RLIN) | 21899 |
| 700 1# - ENCABEZAMIENTO SECUNDARIO--NOMBRE PERSONAL | |
| Nombre de persona | Sawin, Janet |
| Término indicativo de función | dir. |
| 9 (RLIN) | 23623 |
| 700 1# - ENCABEZAMIENTO SECUNDARIO--NOMBRE PERSONAL | |
| Nombre de persona | Chawla, Ambika |
| Término indicativo de función | col. |
| 9 (RLIN) | 9537 |
| 700 1# - ENCABEZAMIENTO SECUNDARIO--NOMBRE PERSONAL | |
| Nombre de persona | Starke, Linda |
| Término indicativo de función | ed. lit. |
| 9 (RLIN) | 24407 |
| 700 1# - ENCABEZAMIENTO SECUNDARIO--NOMBRE PERSONAL | |
| Nombre de persona | Bermejo, Isabel |
| Término indicativo de función | tr. |
| 9 (RLIN) | 7610 |
| 700 1# - ENCABEZAMIENTO SECUNDARIO--NOMBRE PERSONAL | |
| Nombre de persona | Garzón, Mar |
| Término indicativo de función | tr. |
| 9 (RLIN) | 13167 |
| 710 2# - ENCABEZAMIENTO SECUNDARIO--NOMBRE CORPORATIVO | |
| Nombre de entidad o nombre de jurisdicción como elemento inicial | Worldwatch Institute |
| 9 (RLIN) | 5483 |
| 740 02 - ENCABEZAMIENTO SECUNDARIO--TÍTULO ANALÍTICO/RELACIONADO NO CONTROLADO | |
| Título relacionado o analítico no controlado | State of the world 2008 |
| 787 0# - ENTRADA DE OTRAS ESPECIFICACIONES | |
| Título | La situación del mundo 2008 |
| Número de control del registro relacionado | (ES-MaCES)21330 |
| 902 ## - CES. TIPO DE DOCUMENTO | |
| Tipodoc (006$c Sirtex) | LIB Libro |
| 942 ## - ELEMENTOS KOHA | |
| Fuente de clasificaión o esquema | Clasificación propia del CES |
| Koha [por defecto] tipo de item | Monografías |
| Parte de clasificación | 4.2. |
| Número de registro | Signatura completa | Tipo de item de Koha |
|---|---|---|
| 074626 | DPT-11606 | Monografías |
